Colección de los apologistas antiguos de la Religion Christiana, S. Justino, Tociano de Siria, Atenágoras, Teófilo de Antioquía, Minucio, Felix y Origenes Traducidos o analizados / (Record no. 184551)

MARC details
000 -LEADER
campo de control de longitud fija 01312nam a2200181 i 4500
001 - NÚMERO DE CONTROL
campo de control 184551
003 - IDENTIFICADOR DE NÚMERO DE CONTROL
campo de control ES-MaACL
005 - FECHA Y HORA DE LA ÚLTIMA TRANSACCIÓN
campo de control 20230906222226.0
008 - DATOS DE LONGITUD FIJA--INFORMACIÓN GENERAL
campo de control de longitud fija 151022s1792 sp |||| | spa d
100 1# - ENTRADA PRINCIPAL--NOMBRE DE PERSONA
Nombre de persona Gourcy, Francois-Antoine Etienne de.
9 (RLIN) 157971
245 10 - MENCIÓN DEL TÍTULO
Título Colección de los apologistas antiguos de la Religion Christiana, S. Justino, Tociano de Siria, Atenágoras, Teófilo de Antioquía, Minucio, Felix y Origenes Traducidos o analizados /
Mención de responsabilidad, etc. obra escrita en francés por el abate de Gourcy... ; traducida al castellano por D. Manuel Ximeno y Urieta.
260 ## - PUBLICACIÓN, DISTRIBUCIÓN, ETC.
Lugar de publicación, distribución, etc. Madrdid :
Nombre del editor, distribuidor, etc. Imp. Real,
Fecha de publicación, distribución, etc. 1792.
300 ## - DESCRIPCIÓN FÍSICA
Extensión 2 v. ;
Dimensiones 21 cm.
505 8# - NOTA DE CONTENIDO CON FORMATO
Nota de contenido con formato Contiene: I: Apologías de San Justino (p.1) - Apología de Taciano de Siria (p. 52) - Apología de Atenágoras (p. 55) - Apología de Teofilo de Antioquía (p. 81) - Extracto del tratado de Tertuliano contra Morción (p. 117) - El Octavio de [Marco] Minucio Felix (p. 155) - Tratado de Orígenes contra Celso (p. 207) - II: Tratado de Orígenes contra Celso (continuación) - Cuadro del cristianismo, sacado de la obra intitulada: Espíritu de los apologistas de la religión cristiana (p. 321)
650 04 - PUNTO DE ACCESO ADICIONAL DE MATERIA--TÉRMINO DE MATERIA
Término de materia o nombre geográfico como elemento de entrada Apologética-
Subdivisión de forma Obras anteriores a 1800.
9 (RLIN) 9922
700 1# - ENTRADA AGREGADA--NOMBRE PERSONAL
Nombre de persona Ximeno y Urieta, Manuel.
9 (RLIN) 157972
852 ## - LOCALIZACIÓN
Ubicación ES-MaACL
Número de control de estantería R-1170-71
Encuadernación Olim: G- 10838-39
Holdings
Estatus retirado Estado de pérdida Estado de daño No para préstamo Colección Biblioteca de origen Biblioteca actual Ubicación en estantería Fecha de adquisición Fuente de adquisición Total de préstamos Signatura topográfica completa Código de barras Visto por última vez Precio de reemplazo Tipo de ítem Koha
        Libros del s. XVIII Biblioteca del Ateneo de Madrid Biblioteca del Ateneo de Madrid Depósito 22/10/2015     R-1170-71 1194299 23/02/2023 23/02/2023 Libro impreso antiguo